La Violenza In Un Click Profili socioligici

Salvato in:
Dettagli Bibliografici
Autore principale: Carmelo Menta E Francesco Pira
Natura: Libro
Lingua:lingua imprecisata
Pubblicazione: Franco Angeli
Tags: Aggiungi Tag
Nessun Tag, puoi essere il primo ad aggiungerne!!

MARC

LEADER 00000nam a2200000Ia 4500
001 R-1543
003 CODICE-MESSINA
005 20260212102509.0
008 260211s9999 xx 000 0 und d
040 |c importazione_messina 
100 |a Carmelo Menta E Francesco Pira 
245 0 |a La Violenza In Un Click 
245 0 |b Profili socioligici  
260 |b Franco Angeli 
942 |2 ddc  |c BK 
952 |0 0  |1 0  |2 ddc  |4 0  |6 SCAFFALE_15_000000000000000__LGBT_S_R  |7 0  |9 32381  |a ME  |b ME  |d 2026-02-11  |l 0  |o SCAFFALE 15 - LGBT S.R.  |p R-1543  |r 2026-02-11 23:53:09  |w 2026-02-11  |x [REVISIONARE]  |y BK 
999 |c 28048  |d 28048